Mathmatics (Record no. 11972)

MARC details
000 -LEADER
fixed length control field 00331nam a22001337a 4500
008 - FIXED-LENGTH DATA ELEMENTS--GENERAL INFORMATION
fixed length control field 220208b ||||| |||| 00| 0 eng d
020 ## - INTERNATIONAL STANDARD BOOK NUMBER
International Standard Book Number 9789351551966
050 ## - LIBRARY OF CONGRESS CALL NUMBER
Classification number 510
Item number 1
100 ## - MAIN ENTRY--PERSONAL NAME
Personal name Rawat Vineeta
9 (RLIN) 7537
245 ## - TITLE STATEMENT
Title Mathmatics
260 ## - PUBLICATION, DISTRIBUTION, ETC. (IMPRINT)
Place of publication, distribution, etc. New Delhi
Name of publisher, distributor, etc. Progressive Education Publication
300 ## - PHYSICAL DESCRIPTION
Extent 588.P
942 ## - ADDED ENTRY ELEMENTS (KOHA)
Source of classification or shelving scheme Dewey Decimal Classification
Koha item type BOOK
Holdings
Withdrawn status Lost status Source of classification or shelving scheme Damaged status Not for loan Home library Current library Shelving location Date acquired Total Checkouts Full call number Barcode Checked out Date last seen Date last checked out Price effective from Koha item type
    Dewey Decimal Classification     Good Samaritan School Library Good Samaritan School Library Mathematics 02/08/2022 6 510 I-1 RAW15532 09/05/2025 08/29/2025 08/29/2025 02/08/2022 BOOK

Powered by Koha